The challenges of governance (hb) (Record no. 570454)

MARC details
000 -LEADER
fixed length control field 00457nam a2200169Ia 4500
008 - FIXED-LENGTH DATA ELEMENTS--GENERAL INFORMATION
fixed length control field 250327s9999 xx 000 0 und d
020 ## - INTERNATIONAL STANDARD BOOK NUMBER
ISBN 9789353334505
-- hbk
082 ## - DEWEY DECIMAL CLASSIFICATION NUMBER
Classification number 320.954
Item number CHA
100 ## - MAIN ENTRY--AUTHOR NAME
Personal name Chaturvedi, B.K.
245 #4 - TITLE STATEMENT
Title The challenges of governance (hb)
Statement of responsibility, etc B.K. Chaturvedi
250 ## - EDITION STATEMENT
Edition statement First edition
260 ## - PUBLICATION, DISTRIBUTION, ETC. (IMPRINT)
Name of publisher Rupa publications india
Year of publication 2019
300 ## - PHYSICAL DESCRIPTION
Number of Pages 232 pages
650 ## - SUBJECT ADDED ENTRY--TOPICAL TERM
Topical Term Non Fiction
942 ## - ADDED ENTRY ELEMENTS (KOHA)
Koha item type English Books

No items available.

Find us on the map